| 000 | 00569nam a2200181 4500 | ||
|---|---|---|---|
| 008 | 0 1996 0a 000 0MEX | ||
| 020 | _a968-880-676-5 | ||
| 050 | _aHF545.13 K87 1996 | ||
| 082 | _a658.83 K254d | ||
| 100 | _aKotler, Philip | ||
| 245 | _aDirección de mercadotecnia : an lisis, planeación, implementación y control / Philip Kotler | ||
| 250 | _a8 | ||
| 260 | _aMéxico : Prentice-Hall | ||
| 300 | _axxix, 800 p. / 27 cm. | ||
| 500 | _aIncluye índice | ||
| 650 | _a1.MERCADOTECNIA-ADMINISTRACIÓN | ||
| 700 | _aCórdova Just, Arturo, Tr. | ||
| 999 |
_c14780 _d14780 |
||